[Event "25th Klatovy B 2017"]
[Site "Klatovy CZE"]
[Date "2017.07.07"]
[Round "7.46"]
[White "Vavrinkova, Marie"]
[Black "Stanke, Petr"]
[Result "0-1"]
[WhiteElo "1130"]
[BlackElo "1284"]
[PlyCount "48"]
[EventDate "2017.07.01"]
[EventType "swiss"]
[EventRounds "9"]
[EventCountry "CZE"]

1. e4 e6 2. d4 d5 3. Nd2 Nf6 4. Bd3 c5 5. e5 Nfd7 6. c3 Nc6 7. Ngf3 Qb6 8. Nb3 c4 9. Bxc4 dxc4 10. Nbd2 Qa6 11. Qe2 b5 12. a4 Nb6 13. b3 cxb3 14. Qxb5 Qxb5 15. axb5 Ne7 16. Nxb3 Bd7 17. O-O Bxb5 18. Re1 Ned5 19. Ra5 Bc4 20. Nbd2 Be7 21. Ne4 Nxc3 22. Ned2 O-O 23. Nxc4 Nxc4 24. Bf4 Nxa5 0-1

[Event "25th Klatovy B 2017"]
[Site "Klatovy CZE"]
[Date "2017.07.07"]
[Round "7.47"]
[White "Velkoborsky, Tadeas"]
[Black "Veverkova, Dorota"]
[Result "0-1"]
[WhiteElo "1100"]
[BlackElo "1240"]
[PlyCount "118"]
[EventDate "2017.07.01"]
[EventType "swiss"]
[EventRounds "9"]
[EventCountry "CZE"]

1. e4 e5 2. Nf3 Nc6 3. Bc4 Bc5 4. Nc3 Nf6 5. d3 d6 6. Bg5 Bg4 7. h3 Bh5 8. g4 Bg6 9. Qd2 Qe7 10. O-O-O Bb4 11. Be3 O-O-O 12. Qe1 Bxc3 13. Qxc3 d5 14. Bb5 d4 15. Qb3 dxe3 16. Bxc6 bxc6 17. fxe3 Kd7 18. Qc3 Rhe8 19. d4 Bxe4 20. dxe5+ Nd5 21. Rhf1 Kc8 22. Qd4 Bxf3 23. Rxf3 Nb6 24. Qe4 Qe6 25. Rff1 Qxa2 26. c3 Nc4 27. Qb1 Qxb1+ 28. Kxb1 Rxd1+ 29. Rxd1 Nxe3 30. Rd3 Rxe5 31. Ka2 Nc4 32. b3 Re3 33. Rxe3 Nxe3 34. Ka3 Nd1 35. Kb4 Nf2 36. Kc5 Nxh3 37. Kxc6 g6 38. Kd5 h5 39. gxh5 gxh5 40. Ke4 Ng5+ 41. Kf4 h4 42. Kg4 h3 43. Kg3 f5 44. b4 f4+ 45. Kh2 Kd7 46. c4 Ke6 47. c5 Ke5 48. b5 Ke4 49. b6 axb6 50. cxb6 cxb6 51. Kh1 Ke3 52. Kh2 f3 53. Kg1 Ke2 54. Kh1 f2 55. Kh2 f1=Q 56. Kg3 Ne4+ 57. Kg4 Qf3+ 58. Kh4 Qg3+ 59. Kh5 Qg5# 0-1

[Event "25th Klatovy B 2017"]
[Site "Klatovy CZE"]
[Date "2017.07.07"]
[Round "7.48"]
[White "Pozar, Pavel"]
[Black "Zimmermann, Ladislav"]
[Result "1-0"]
[WhiteElo "1000"]
[BlackElo "1320"]
[PlyCount "79"]
[EventDate "2017.07.01"]
[EventType "swiss"]
[EventRounds "9"]
[EventCountry "CZE"]

1. Nf3 Nc6 2. g3 e5 3. d3 d5 4. Bg2 Bg4 5. Bg5 f6 6. Be3 d4 7. Bd2 Bc5 8. h3 Bh5 9. a3 g5 10. g4 Bg6 11. h4 h6 12. hxg5 h5 13. Bb4 Bxb4+ 14. axb4 Nxb4 15. c3 Nc6 16. e3 fxg5 17. Qb3 dxe3 18. fxe3 Rb8 19. Qe6+ Nce7 20. Qxe5 Rh7 21. Nxg5 Rh6 22. Ne6 Qd7 23. Rf1 Bf7 24. Nxc7+ Kd8 25. Bd5 Nxd5 26. Nxd5 Qxd5 27. Qxb8+ Ke7 28. Rxa7 Rb6 29. Rf5 Qh1+ 30. Rf1 Qh4+ 31. Kd1 Qxg4+ 32. Kc2 Qg2+ 33. Nd2 Bb3+ 34. Kc1 Bd5 35. Qc7+ Ke6 36. Qxb6+ Bc6 37. e4 Nh6 38. d4 Ng4 39. Rxb7 Ne3 40. Qxc6# 1-0

[Event "25th Klatovy B 2017"]
[Site "Klatovy CZE"]
[Date "2017.07.07"]
[Round "7.49"]
[White "Devera, Filip"]
[Black "Kalista, Frantisek"]
[Result "1-0"]
[WhiteElo "1000"]
[BlackElo "1000"]
[PlyCount "57"]
[EventDate "2017.07.01"]
[EventType "swiss"]
[EventRounds "9"]
[EventCountry "CZE"]

1. e4 c5 2. Nc3 d6 3. g3 Nf6 4. Bg2 g6 5. d3 Bg7 6. h3 Nc6 7. f4 e6 8. Nf3 b6 9. O-O Bb7 10. Be3 Qe7 11. a3 O-O 12. Qe1 a6 13. g4 Nd7 14. f5 Nde5 15. fxg6 Nxg6 16. h4 f6 17. Qg3 Nce5 18. h5 Nxf3+ 19. Rxf3 Ne5 20. Rf2 Rf7 21. Raf1 Raf8 22. h6 Bh8 23. g5 Ng6 24. Ne2 f5 25. Nf4 Nxf4 26. Bxf4 e5 27. g6 hxg6 28. Qxg6+ Rg7 29. h7# 1-0

[Event "25th Klatovy B 2017"]
[Site "Klatovy CZE"]
[Date "2017.07.07"]
[Round "7.50"]
[White "Kudrna, Miroslav"]
[Black "Krejbich, Lukas"]
[Result "1/2-1/2"]
[WhiteElo "1569"]
[BlackElo "1041"]
[PlyCount "48"]
[EventDate "2017.07.01"]
[EventType "swiss"]
[EventRounds "9"]
[EventCountry "CZE"]

1. e4 e5 2. Nf3 Nc6 3. Bb5 a6 4. Bxc6 dxc6 5. O-O Bc5 6. c3 Nf6 7. d4 Be7 8. dxe5 Nxe4 9. Qxd8+ Bxd8 10. Re1 f5 11. exf6 Bf5 12. Nbd2 O-O 13. Nxe4 Re8 14. Neg5 Rxe1+ 15. Nxe1 Bxf6 16. Bf4 h6 17. Ngf3 Rc8 18. Rd1 g5 19. Bg3 h5 20. h4 g4 21. Ne5 Re8 22. N5d3 Re7 23. Nf4 Rh7 24. Nc2 Bxc2 1/2-1/2

[Event "25th Klatovy B 2017"]
[Site "Klatovy CZE"]
[Date "2017.07.07"]
[Round "7.51"]
[White "Filip, Petr 1952"]
[Black "Skalicky, Jindrich"]
[Result "1-0"]
[WhiteElo "1372"]
[BlackElo "1274"]
[PlyCount "83"]
[EventDate "2017.07.01"]
[EventType "swiss"]
[EventRounds "9"]
[EventCountry "CZE"]

1. d4 Nf6 2. c4 g6 3. Nf3 d5 4. Nc3 Bg7 5. h3 O-O 6. e3 dxc4 7. Bxc4 a6 8. O-O b5 9. Bd3 Bb7 10. e4 Nbd7 11. Re1 Nb6 12. Bf4 Rc8 13. Qc1 Nfd7 14. Bh6 Re8 15. Bxg7 Kxg7 16. Ne2 c5 17. d5 c4 18. Qc3+ Kg8 19. Bc2 Na8 20. Nh2 f6 21. Ng4 Nc7 22. f4 h5 23. Nh2 Nf8 24. Qg3 Qd6 25. Rad1 Qb4 26. b3 cxb3 27. Bxb3 Qc5+ 28. Kh1 Kg7 29. h4 Qd6 30. Nd4 Qc5 31. f5 Qd6 32. Qf3 Qd7 33. fxg6 Nxg6 34. Qxh5 Rh8 35. Nf5+ Kf7 36. d6+ e6 37. Qg4 Na8 38. Nd4 Rxh4 39. Bxe6+ Kf8 40. Qxg6 Qh7 41. Qxf6+ Ke8 42. d7+ 1-0

[Event "25th Klatovy B 2017"]
[Site "Klatovy CZE"]
[Date "2017.07.07"]
[Round "7.52"]
[White "Vilasek, Martin"]
[Black "Bukvaj, Jan"]
[Result "1-0"]
[WhiteElo "1100"]
[BlackElo "1100"]
[PlyCount "55"]
[EventDate "2017.07.01"]
[EventType "swiss"]
[EventRounds "9"]
[EventCountry "CZE"]

1. e4 e5 2. Nf3 Nc6 3. Nc3 Nf6 4. Be2 Bc5 5. Nxe5 Nxe5 6. d4 Bd6 7. dxe5 Bxe5 8. O-O O-O 9. Bg5 d6 10. Bxf6 Bxf6 11. a3 Bxc3 12. bxc3 Qf6 13. Qe1 Be6 14. c4 c6 15. Rb1 Rab8 16. c3 d5 17. exd5 cxd5 18. cxd5 Bxd5 19. Rc1 Qb6 20. Rb1 Qa5 21. c4 Qxe1 22. Rfxe1 Bxc4 23. Bxc4 Rfc8 24. Bd5 Rc5 25. Bxb7 Rc2 26. Be4 Rxb1 27. Rxb1 Re2 28. Rb8# 1-0

[Event "25th Klatovy B 2017"]
[Site "Klatovy CZE"]
[Date "2017.07.07"]
[Round "7.53"]
[White "Bukvaj, Martin"]
[Black "Velkoborsky, Jan"]
[Result "1-0"]
[WhiteElo "1100"]
[BlackElo "1058"]
[PlyCount "91"]
[EventDate "2017.07.01"]
[EventType "swiss"]
[EventRounds "9"]
[EventCountry "CZE"]

1. e4 c5 2. c4 Nc6 3. Nf3 e5 4. Nc3 d6 5. d3 Nf6 6. Nd5 Nxd5 7. cxd5 Na5 8. Bd2 Bg4 9. Qa4+ Qd7 10. Qxa5 b6 11. Qc3 Bxf3 12. gxf3 Be7 13. Qb3 Bh4 14. d4 O-O 15. dxc5 Rab8 16. Qb5 Qe7 17. cxd6 Qf6 18. Be2 Bg5 19. Bxg5 Qxg5 20. h4 Qf4 21. Qd3 Rbc8 22. Qe3 Qxe3 23. fxe3 h6 24. Ba6 Rc2 25. Rb1 b5 26. O-O Rb8 27. Rfc1 Rxc1+ 28. Rxc1 Rb6 29. d7 Rd6 30. Rc8+ Kh7 31. d8=Q Rxd8 32. Rxd8 b4 33. Rb8 b3 34. axb3 h5 35. d6 f5 36. d7 f4 37. exf4 g5 38. hxg5 h4 39. d8=Q exf4 40. Qh8+ Kg6 41. Rg8+ Kf7 42. Bc4+ Ke7 43. Qf6+ Kd7 44. Rg7+ Ke8 45. Qh6 Kf8 46. Qh8# 1-0

[Event "25th Klatovy B 2017"]
[Site "Klatovy CZE"]
[Date "2017.07.08"]
[Round "8.1"]
[White "Mejzr, Jan"]
[Black "Soukal, Roman"]
[Result "0-1"]
[WhiteElo "1901"]
[BlackElo "1931"]
[PlyCount "88"]
[EventDate "2017.07.01"]
[EventType "swiss"]
[EventRounds "9"]
[EventCountry "CZE"]

1. e4 e5 2. Nf3 Nc6 3. d4 exd4 4. Nxd4 Qh4 5. Nb5 Bc5 6. Qf3 Bb6 7. Be3 Ba5+ 8. N1c3 d6 9. Be2 Nf6 10. O-O a6 11. Nd4 Ne5 12. Qg3 Qxg3 13. fxg3 Bxc3 14. bxc3 Nxe4 15. c4 O-O 16. Nf5 Re8 17. Bd4 Nd2 18. Rfd1 Bxf5 19. Rxd2 Be4 20. Rad1 b6 21. Bf2 f6 22. h4 Nd7 23. Bd4 Re7 24. Kf2 Rae8 25. Bf1 Ne5 26. Kg1 Bg6 27. Bxe5 Rxe5 28. c5 Rxc5 29. Bxa6 Ra8 30. Bb7 Ra7 31. Bd5+ Bf7 32. c4 Bxd5 33. cxd5 Ra3 34. Kf2 Kf7 35. Re1 Rcc3 36. Rde2 Kg6 37. Re7 Rxa2+ 38. Kg1 Rxg3 39. Rxc7 Rgxg2+ 40. Kh1 Rg4 41. Rc6 Rxh4+ 42. Kg1 Rd4 43. Rxd6 Rad2 44. Rxb6 Rxd5 0-1

[Event "25th Klatovy B 2017"]
[Site "Klatovy CZE"]
[Date "2017.07.08"]
[Round "8.2"]
[White "Simacek, Vaclav"]
[Black "Cyron, Karel"]
[Result "0-1"]
[WhiteElo "1830"]
[BlackElo "1774"]
[PlyCount "106"]
[EventDate "2017.07.01"]
[EventType "swiss"]
[EventRounds "9"]
[EventCountry "CZE"]

1. e4 Nf6 2. e5 Nd5 3. c4 Nb6 4. c5 Nd5 5. Nc3 c6 6. Bc4 e6 7. Ne4 Qh4 8. Bxd5 cxd5 9. Nd6+ Bxd6 10. cxd6 Qe4+ 11. Qe2 Qxg2 12. d3 Qxh1 13. Qg4 Kf8 14. Bg5 b6 15. O-O-O Ba6 16. Nf3 Qxd1+ 17. Kxd1 Bxd3 18. Kd2 Bf5 19. Qh4 Nc6 20. Be3 h6 21. b4 Kg8 22. b5 Na5 23. Qe7 Be4 24. Nd4 Nc4+ 25. Ke2 Nxe5 26. h3 Kh7 27. f3 Rhe8 28. Qh4 Bg6 29. Bd2 Rac8 30. Qg3 Nc4 31. Bb4 e5 32. Nc6 e4 33. Ne7 exf3+ 34. Qxf3 d4 35. Qb7 d3+ 36. Kf2 Rb8 37. Qxd7 d2 38. Bxd2 Nxd2 39. Qxa7 Nc4 40. Kg1 Nxd6 41. Nc6 Rb7 42. Qa4 Rd7 43. Qd4 Re4 44. Qd5 Re6 45. Qd4 Rc7 46. a4 Rc8 47. Qxb6 Rce8 48. Nd4 Rf6 49. Qa5 Re5 50. Qd2 Rg5+ 51. Kh2 Ne4 52. Qe3 Rf2+ 53. Kh1 Rgg2 0-1

[Event "25th Klatovy B 2017"]
[Site "Klatovy CZE"]
[Date "2017.07.08"]
[Round "8.3"]
[White "Jirasek, Jiri"]
[Black "Micka, Norbert"]
[Result "1-0"]
[WhiteElo "1874"]
[BlackElo "1823"]
[PlyCount "77"]
[EventDate "2017.07.01"]
[EventType "swiss"]
[EventRounds "9"]
[EventCountry "CZE"]

1. d4 Nf6 2. c4 g6 3. Nc3 d5 4. Nf3 Bg7 5. e3 O-O 6. Qb3 e6 7. a4 a5 8. Be2 b6 9. cxd5 exd5 10. O-O Bb7 11. Bd2 Nbd7 12. Rac1 c6 13. Rfd1 Re8 14. Be1 Qb8 15. Ne5 Nxe5 16. dxe5 Nd7 17. f4 Qa7 18. Bf2 Nc5 19. Qa2 Bc8 20. e4 Nxe4 21. Nxe4 dxe4 22. Rxc6 Be6 23. Bc4 Rac8 24. Rxe6 fxe6 25. Bxe6+ Kh8 26. Bxc8 Rxc8 27. h3 Qc7 28. Qd5 Qc2 29. b3 h6 30. Bxb6 Bf8 31. e6 Bg7 32. Bxa5 e3 33. Be1 Bf6 34. e7 Bxe7 35. Qe5+ Kg8 36. Rd7 Qf2+ 37. Bxf2 Rc1+ 38. Be1 Rxe1+ 39. Kh2 1-0

[Event "25th Klatovy B 2017"]
[Site "Klatovy CZE"]
[Date "2017.07.08"]
[Round "8.4"]
[White "Zednik, Zdenek"]
[Black "Masek, Jan"]
[Result "0-1"]
[WhiteElo "1950"]
[BlackElo "1915"]
[PlyCount "80"]
[EventDate "2017.07.01"]
[EventType "swiss"]
[EventRounds "9"]
[EventCountry "CZE"]

1. Nf3 Nf6 2. c4 d6 3. d4 g6 4. Nc3 Bg7 5. e4 Nbd7 6. e5 Ng8 7. Bf4 Nf8 8. Be2 c6 9. O-O dxe5 10. Bxe5 Bxe5 11. Nxe5 Nd7 12. Nf3 Ngf6 13. Qd2 O-O 14. Rad1 Qa5 15. Rfe1 Kg7 16. h3 Nb6 17. Ne5 Be6 18. a3 Nbd7 19. b4 Qxa3 20. Nxd7 Bxd7 21. Nb5 cxb5 22. Ra1 Ne4 23. Qf4 Qxb4 24. Qxe4 bxc4 25. Reb1 Qd6 26. Qxb7 Bc6 27. Qxe7 Qxd4 28. Rxa7 Rae8 29. Qc7 Rxe2 30. Qxc6 Qxf2+ 31. Kh1 Re1+ 32. Rxe1 Qxe1+ 33. Kh2 Qe5+ 34. Kh1 Rb8 35. Rb7 Rxb7 36. Qxb7 Qd4 37. Qc7 c3 38. Kh2 h5 39. Qc6 Qf4+ 40. Kg1 Qd2 0-1

[Event "25th Klatovy B 2017"]
[Site "Klatovy CZE"]
[Date "2017.07.08"]
[Round "8.5"]
[White "Hartmann, Andreas 1969"]
[Black "Flajsman, Pavel"]
[Result "1/2-1/2"]
[WhiteElo "1685"]
[BlackElo "1736"]
[PlyCount "98"]
[EventDate "2017.07.01"]
[EventType "swiss"]
[EventRounds "9"]
[EventCountry "CZE"]

1. c4 e5 2. Nc3 Nc6 3. e3 g6 4. Nge2 Bg7 5. a3 f5 6. g3 e4 7. Ng1 Ne5 8. d4 exd3 9. Bxd3 Nxd3+ 10. Qxd3 Nf6 11. f3 O-O 12. Nge2 Kh8 13. b3 d5 14. Ra2 dxc4 15. Qxc4 Qe7 16. Nf4 c6 17. h4 Nd7 18. Nd1 Ne5 19. Qe2 Be6 20. Nxe6 Qxe6 21. f4 Qd5 22. O-O Nd3 23. Bb2 Nxb2 24. Nxb2 Qxb3 25. Nc4 Qa4 26. Nd6 b6 27. Rc1 c5 28. h5 Qd7 29. Rd1 Qe6 30. hxg6 hxg6 31. Kf2 Kg8 32. Rad2 Rfd8 33. Qb5 Bf6 34. Qc6 Rab8 35. Qa4 Ra8 36. Qc6 Rab8 37. Qa4 Rd7 38. Nb5 Rbd8 39. Rxd7 Rxd7 40. Rxd7 Qxd7 41. Qa6 Qd2+ 42. Kf3 Qd5+ 43. Kf2 Qd2+ 44. Kf3 Qc1 45. Nxa7 Qh1+ 46. Kf2 Qh2+ 47. Kf3 Qh1+ 48. Kf2 Qh2+ 49. Kf3 Qh1+ 1/2-1/2

[Event "25th Klatovy B 2017"]
[Site "Klatovy CZE"]
[Date "2017.07.08"]
[Round "8.6"]
[White "Esterka, Jan"]
[Black "Parpel, Petr"]
[Result "1/2-1/2"]
[WhiteElo "1827"]
[BlackElo "1758"]
[PlyCount "100"]
[EventDate "2017.07.01"]
[EventType "swiss"]
[EventRounds "9"]
[EventCountry "CZE"]

1. e4 c5 2. Nf3 d6 3. d4 cxd4 4. Nxd4 Nf6 5. Bd3 a6 6. O-O Nc6 7. Nb3 e6 8. c3 Be7 9. Be3 Bd7 10. f4 O-O 11. N1d2 b5 12. Qe2 e5 13. Rad1 Ng4 14. Nf3 Nxe3 15. Qxe3 Be6 16. f5 Bxb3 17. axb3 Qc7 18. b4 Nb8 19. Bb1 Nd7 20. Kh1 h6 21. Ba2 Nf6 22. Bd5 Nxd5 23. Rxd5 Qc4 24. Nd2 Qc7 25. Qd3 f6 26. Nf3 Rfc8 27. Nh4 Qc4 28. Ng6 Qxd3 29. Rxd3 Kf7 30. Rfd1 Rd8 31. Rd5 Rac8 32. Kg1 Rc4 33. Re1 Rd7 34. Kf2 Bd8 35. Kf3 Bc7 36. g4 Bb6 37. h4 Ra7 38. Rh1 Rc6 39. g5 Rc8 40. gxh6 gxh6 41. h5 Bc7 42. Ra1 Rb8 43. Ke3 Ke8 44. Kd3 Rb6 45. Nh4 Ke7 46. Rg1 a5 47. bxa5 Rxa5 48. Rg7+ Kd8 49. Ke2 Ra4 50. Rg4 b4 1/2-1/2

[Event "25th Klatovy B 2017"]
[Site "Klatovy CZE"]
[Date "2017.07.08"]
[Round "8.7"]
[White "Chmelik, Ladislav"]
[Black "Leseticky, Vladimir"]
[Result "1/2-1/2"]
[WhiteElo "1739"]
[BlackElo "1685"]
[PlyCount "35"]
[EventDate "2017.07.01"]
[EventType "swiss"]
[EventRounds "9"]
[EventCountry "CZE"]

1. e4 e5 2. Nf3 Nc6 3. d4 exd4 4. Bc4 Be7 5. c3 Na5 6. Qxd4 Nxc4 7. Qxc4 d5 8. Qxd5 Qxd5 9. exd5 Nf6 10. c4 b5 11. cxb5 Nxd5 12. Nc3 Nxc3 13. bxc3 Bf6 14. Bd2 a6 15. bxa6 Bxa6 16. Nd4 Bc4 17. a4 O-O 18. Kd1 1/2-1/2

[Event "25th Klatovy B 2017"]
[Site "Klatovy CZE"]
[Date "2017.07.08"]
[Round "8.8"]
[White "Vavrinek, Tomas"]
[Black "Kaspar, Lukas"]
[Result "0-1"]
[WhiteElo "1750"]
[BlackElo "1764"]
[PlyCount "77"]
[EventDate "2017.07.01"]
[EventType "swiss"]
[EventRounds "9"]
[EventCountry "CZE"]

1. d4 Nf6 2. Nf3 g6 3. c4 Bg7 4. Nc3 d5 5. Bf4 O-O 6. e3 c5 7. Qb3 cxd4 8. exd4 dxc4 9. Bxc4 Nc6 10. d5 Na5 11. Qb4 Nxc4 12. Qxc4 Qb6 13. Na4 Qa5+ 14. Nc3 Nxd5 15. Bd2 Nxc3 16. bxc3 Be6 17. Qd3 Rac8 18. Nd4 Bc4 19. Qc2 Rfd8 20. f4 Qd5 21. Be3 e5 22. fxe5 Qxe5 23. Kf2 Qf6+ 24. Nf3 Bd3 25. Qa4 Qxc3 26. Rac1 Qb2+ 27. Kg3 a6 28. Rxc8 Rxc8 29. Qd7 Bf5 30. Qa4 Be5+ 31. Nxe5 Qxe5+ 32. Kf3 Qd5+ 33. Kg3 Qd6+ 34. Kf3 Qd5+ 35. Kg3 Rc2 36. Qe8+ Kg7 37. Rg1 Rxa2 38. Kh4 Qc4+ 39. Kg3 0-1

[Event "25th Klatovy B 2017"]
[Site "Klatovy CZE"]
[Date "2017.07.08"]
[Round "8.9"]
[White "Ostry, Michal"]
[Black "Sibl, Vaclav"]
[Result "1-0"]
[WhiteElo "1743"]
[BlackElo "1961"]
[PlyCount "103"]
[EventDate "2017.07.01"]
[EventType "swiss"]
[EventRounds "9"]
[EventCountry "CZE"]

1. e4 d6 2. d4 Nf6 3. Nc3 Nbd7 4. Nf3 e5 5. dxe5 dxe5 6. Bc4 Be7 7. O-O O-O 8. Qe2 c6 9. a4 a5 10. h3 Qc7 11. Be3 Nc5 12. Nd2 Ne6 13. Bxe6 Bxe6 14. Nc4 Nd7 15. f4 f6 16. f5 Bf7 17. Rfd1 Rfd8 18. Rd2 Bc5 19. Rad1 Bxe3+ 20. Nxe3 Nc5 21. b3 Kf8 22. Nc4 Rxd2 23. Rxd2 Rd8 24. Ne3 Rd4 25. Ned1 Qd6 26. Rxd4 Qxd4+ 27. Kh2 Ke7 28. Kh1 g6 29. g4 b6 30. Kh2 Be8 31. Kg2 g5 32. Kf1 Bd7 33. Kg2 Bc8 34. Qe3 Ba6 35. Kf2 Kd6 36. Kg2 b5 37. axb5 cxb5 38. Qe2 Kc6 39. Nd5 Qxe4+ 40. Qxe4 Nxe4 41. N1e3 a4 42. Nb4+ Kb7 43. Ned5 Ka7 44. Kf3 Nc5 45. Nxf6 Bb7+ 46. Ke3 Bg2 47. Nxh7 Bxh3 48. f6 Nd7 49. f7 Bxg4 50. Nc6+ Kb6 51. Nxe5 Nf8 52. Nxf8 1-0

[Event "25th Klatovy B 2017"]
[Site "Klatovy CZE"]
[Date "2017.07.08"]
[Round "8.10"]
[White "Krupansky, Jaromir"]
[Black "Perik, Alois"]
[Result "1-0"]
[WhiteElo "1764"]
[BlackElo "1870"]
[PlyCount "67"]
[EventDate "2017.07.01"]
[EventType "swiss"]
[EventRounds "9"]
[EventCountry "CZE"]

1. e4 c6 2. d4 d5 3. exd5 cxd5 4. Bd3 Nf6 5. c3 Nc6 6. Bf4 Bg4 7. Qb3 Qd7 8. h3 Bh5 9. Nd2 e6 10. Ngf3 Bg6 11. Bxg6 hxg6 12. Ne5 Nxe5 13. Bxe5 b6 14. a4 Ng4 15. Bf4 Bd6 16. Bxd6 Qxd6 17. Qb5+ Ke7 18. Qe2 Nf6 19. Qe3 Rh5 20. Rf1 Qc6 21. f4 Ne4 22. g4 Nxd2 23. Kxd2 Rh7 24. f5 gxf5 25. gxf5 Rh6 26. Qg5+ Kf8 27. f6 Rg6 28. fxg7+ Kxg7 29. Qe5+ Kg8 30. Rg1 Rf8 31. Rg5 Qe8 32. Rag1 a6 33. Qf6 b5 34. Rh5 1-0

[Event "25th Klatovy B 2017"]
[Site "Klatovy CZE"]
[Date "2017.07.08"]
[Round "8.11"]
[White "Berka, Lubos"]
[Black "Boucek, Vlastimil 1968"]
[Result "1/2-1/2"]
[WhiteElo "1822"]
[BlackElo "1677"]
[PlyCount "125"]
[EventDate "2017.07.01"]
[EventType "swiss"]
[EventRounds "9"]
[EventCountry "CZE"]

1. e4 d5 2. exd5 Qxd5 3. d4 Nf6 4. Nc3 Qa5 5. Bb5+ c6 6. Bd3 Bg4 7. Nge2 e6 8. Bd2 Qc7 9. h3 Bh5 10. Qc1 Bg6 11. Bxg6 hxg6 12. Ng3 Nd5 13. Nxd5 cxd5 14. Bf4 Bd6 15. Bxd6 Qxd6 16. c3 Nc6 17. O-O Rc8 18. Qe3 O-O 19. Rae1 Qe7 20. Qd2 Qh4 21. Re3 Ne7 22. Qe2 Nf5 23. Nxf5 gxf5 24. f4 g6 25. Ref3 Qf6 26. g4 fxg4 27. hxg4 Kg7 28. f5 exf5 29. gxf5 Qg5+ 30. Qg2 Qxg2+ 31. Kxg2 f6 32. fxg6 Kxg6 33. Rg3+ Kf7 34. Rf5 Ke6 35. Rh5 Rf7 36. Re3+ Kd6 37. a4 a5 38. b3 b6 39. Kf2 Rfc7 40. Rf5 Rf7 41. Ke2 Rh8 42. c4 Rh2+ 43. Kd3 dxc4+ 44. Kxc4 Rc2+ 45. Kb5 Kc7 46. Re6 Rc3 47. b4 Rb3 48. Rc6+ Kd7 49. Rd5+ Ke7 50. Kxb6 Rxb4+ 51. Kxa5 Rb7 52. Rdd6 f5 53. Ka6 Kf8 54. Rf6 Rbd7 55. Rxf7+ Kxf7 56. Rc5 Rxd4 57. Rxf5+ Ke6 58. Ra5 Rb4 59. Ka7 Kd6 60. Ka8 Kc7 61. Ra7+ Kc8 62. Ra5 Kc7 63. Ka7 1/2-1/2

[Event "25th Klatovy B 2017"]
[Site "Klatovy CZE"]
[Date "2017.07.08"]
[Round "8.12"]
[White "Lener, Jaroslav 1975"]
[Black "Sova, Zdenek"]
[Result "1/2-1/2"]
[WhiteElo "1750"]
[BlackElo "1672"]
[PlyCount "62"]
[EventDate "2017.07.01"]
[EventType "swiss"]
[EventRounds "9"]
[EventCountry "CZE"]

1. d4 d5 2. Bf4 Nf6 3. e3 e6 4. c4 c6 5. a3 Bd6 6. Bxd6 Qxd6 7. c5 Qe7 8. Nc3 e5 9. dxe5 Qxe5 10. Nf3 Qe7 11. Qd4 O-O 12. Bd3 Bg4 13. h3 Bh5 14. g4 Bg6 15. Ne5 Bxd3 16. Nxd3 Nbd7 17. f3 Rfe8 18. Kd2 Rad8 19. Ke2 Nb8 20. h4 Na6 21. h5 Nc7 22. Nf4 Qe5 23. Qxe5 Rxe5 24. Kf2 d4 25. exd4 Rxd4 26. Nfe2 Rd8 27. b4 Rde8 28. Rhe1 Ncd5 29. Rad1 h6 30. Nxd5 Nxd5 31. Nd4 Rxe1 1/2-1/2

[Event "25th Klatovy B 2017"]
[Site "Klatovy CZE"]
[Date "2017.07.08"]
[Round "8.13"]
[White "Soukup, Jiri1"]
[Black "Nechutny, Michal"]
[Result "1/2-1/2"]
[WhiteElo "1640"]
[BlackElo "1766"]
[PlyCount "63"]
[EventDate "2017.07.01"]
[EventType "swiss"]
[EventRounds "9"]
[EventCountry "CZE"]

1. e4 c5 2. Nf3 Nc6 3. d4 cxd4 4. Nxd4 Nf6 5. Nc3 e6 6. Be3 Bb4 7. Bd3 d5 8. Nxc6 bxc6 9. e5 Nd7 10. Qg4 Qa5 11. Bd2 g6 12. a3 Be7 13. f4 Qb6 14. b4 Ba6 15. Qe2 Bxd3 16. Qxd3 Rb8 17. Be3 c5 18. O-O Qc7 19. Bd2 cxb4 20. axb4 Bxb4 21. Nb5 Qc5+ 22. Nd4 Bxd2 23. Qxd2 O-O 24. Ra5 Qb6 25. Rfa1 Rb7 26. Ra6 Qc7 27. Nc6 Nb6 28. Nxa7 Ra8 29. Nb5 Qc5+ 30. Qd4 Qxd4+ 31. Nxd4 Rxa6 32. Rxa6 1/2-1/2

[Event "25th Klatovy B 2017"]
[Site "Klatovy CZE"]
[Date "2017.07.08"]
[Round "8.14"]
[White "Svec, Ludek"]
[Black "Davaademberel, Purevdorj 1981"]
[Result "1/2-1/2"]
[WhiteElo "1723"]
[BlackElo "1835"]
[PlyCount "129"]
[EventDate "2017.07.01"]
[EventType "swiss"]
[EventRounds "9"]
[EventCountry "CZE"]

1. d4 d5 2. Nf3 Nf6 3. g3 c6 4. Bg2 Bg4 5. O-O Qc8 6. c4 dxc4 7. Na3 Be6 8. Ne5 Bd5 9. Naxc4 Bxg2 10. Kxg2 b5 11. Nd2 Nbd7 12. Ndf3 e6 13. Be3 Nd5 14. Rc1 Nxe3+ 15. fxe3 Nxe5 16. Nxe5 f6 17. Nd3 Qd7 18. Qb3 h5 19. Nc5 Bxc5 20. Rxc5 h4 21. Qc2 hxg3 22. Qg6+ Kf8 23. Rxf6+ gxf6 24. Qxf6+ Qf7 25. Qxh8+ Ke7 26. Qh4+ Kd7 27. hxg3 Rf8 28. Qf4 Qe7 29. Qh4 Qf7 30. Qf4 Qe8 31. Qe4 Kc7 32. Qh4 Rh8 33. Qg4 Qd7 34. Rg5 Kb6 35. Rg7 Qd5+ 36. Qf3 Qc4 37. Rg4 Qxa2 38. Rh4 Rxh4 39. gxh4 Qxb2 40. h5 Qc2 41. e4 Qd2 42. d5 exd5 43. exd5 cxd5 44. Kh3 b4 45. Kg4 Qd4+ 46. Kg5 Qg7+ 47. Kh4 Qe7+ 48. Kg4 Qe6+ 49. Kg5 Qg8+ 50. Kh4 Qd8+ 51. Kg4 Qd7+ 52. Kg5 Qg7+ 53. Kh4 Kc5 54. Qd3 a5 55. Qe3+ d4 56. Qc1+ Kd5 57. h6 Qf6+ 58. Qg5+ Qxg5+ 59. Kxg5 b3 60. h7 b2 61. h8=Q b1=Q 62. Qg8+ Kc5 63. Qc8+ Kd6 64. Qd8+ Ke6 65. Qe8+ 1/2-1/2

[Event "25th Klatovy B 2017"]
[Site "Klatovy CZE"]
[Date "2017.07.08"]
[Round "8.15"]
[White "Kovar, Petr2"]
[Black "Schille, Hannes"]
[Result "1-0"]
[WhiteElo "1990"]
[BlackElo "1690"]
[PlyCount "59"]
[EventDate "2017.07.01"]
[EventType "swiss"]
[EventRounds "9"]
[EventCountry "CZE"]

1. e4 c5 2. d4 cxd4 3. c3 dxc3 4. Nxc3 Nc6 5. Nf3 e6 6. Bc4 Be7 7. O-O a6 8. Qe2 d6 9. Bf4 Qc7 10. Rac1 Nf6 11. Rfd1 Nh5 12. Be3 O-O 13. Bd3 Rb8 14. h3 Bd7 15. Bb1 Rfd8 16. b4 b5 17. Nd5 exd5 18. exd5 Nf6 19. dxc6 Be6 20. Bd4 Bd5 21. Bxf6 Bxf3 22. Qxe7 Rdc8 23. Qxc7 Rxc7 24. gxf3 gxf6 25. Rxd6 Kg7 26. Bf5 h6 27. Bd7 Rg8 28. Kf1 Ra8 29. Rc5 Kg6 30. Rf5 1-0

[Event "25th Klatovy B 2017"]
[Site "Klatovy CZE"]
[Date "2017.07.08"]
[Round "8.16"]
[White "Vachal, Josef1"]
[Black "Rychtecky, Pavel"]
[Result "1/2-1/2"]
[WhiteElo "1872"]
[BlackElo "1643"]
[PlyCount "69"]
[EventDate "2017.07.01"]
[EventType "swiss"]
[EventRounds "9"]
[EventCountry "CZE"]

1. e4 e5 2. Nf3 Nc6 3. Bb5 a6 4. Ba4 Nf6 5. d4 exd4 6. e5 b5 7. Bb3 Ne4 8. Bd5 Nc5 9. Ng5 Ne6 10. Qf3 Nxg5 11. Bxg5 Qxg5 12. O-O Qg6 13. e6 fxe6 14. Bxc6 Rb8 15. Be4 Qf6 16. Qd3 g6 17. a4 d5 18. Bf3 b4 19. Re1 Kf7 20. Nd2 Bd6 21. Qe2 Re8 22. Bxd5 Qf5 23. Bc6 Re7 24. Nc4 Qf4 25. g3 Qf5 26. Rad1 Qc5 27. Be4 b3 28. c3 e5 29. cxd4 exd4 30. Nxd6+ Qxd6 31. Bd5+ Kf6 32. Qxe7+ Qxe7 33. Rxe7 Kxe7 34. Rxd4 Bf5 35. Be4 1/2-1/2

[Event "25th Klatovy B 2017"]
[Site "Klatovy CZE"]
[Date "2017.07.08"]
[Round "8.18"]
[White "Stvan, Marek"]
[Black "Novotny, David"]
[Result "1/2-1/2"]
[WhiteElo "1663"]
[BlackElo "1725"]
[PlyCount "67"]
[EventDate "2017.07.01"]
[EventType "swiss"]
[EventRounds "9"]
[EventCountry "CZE"]

1. e4 e6 2. d4 d5 3. Nd2 Nf6 4. Bd3 Be7 5. e5 Nfd7 6. Ne2 c5 7. c3 Nc6 8. Nf3 O-O 9. O-O cxd4 10. cxd4 f6 11. exf6 Bxf6 12. Bc2 e5 13. dxe5 Ndxe5 14. Ned4 Bg4 15. h3 Nxd4 16. hxg4 Nxc2 17. Qxc2 Rc8 18. Qa4 Nxf3+ 19. gxf3 Qb6 20. Rb1 Bd4 21. Kg2 Qf6 22. Qd1 Kh8 23. b3 Rfd8 24. Be3 Bb6 25. Qd2 Qg6 26. Bd4 Rc2 27. Qb4 Bxd4 28. Qxd4 Rxa2 29. Ra1 Rxa1 30. Rxa1 a6 31. Rc1 Qd6 32. Re1 Kg8 33. f4 a5 34. f5 1/2-1/2